| 000 | 00840nam a22002657a 4500 | ||
|---|---|---|---|
| 999 |
_c33418 _d33418 |
||
| 001 | 2622 | ||
| 003 | CO-MdFUSB | ||
| 005 | 20190202100513.0 | ||
| 008 | 171117t1962 xxu||||| |||| 00| 0 eng d | ||
| 040 |
_aCO-MdFUSB _bspa _cCO-MdFUSB _dCO-MdFUSBC _erda |
||
| 041 | 0 | _aeng | |
| 082 | 0 | 4 | _aG 225.93 U572a |
| 100 | 1 |
_aUnger, Merrill F. (Frederick) (1909-) _eautor |
|
| 245 | 0 |
_aArchaeology and the New Testament _c/ Merrill F. Unger |
|
| 264 | 4 |
_aGrand Rapisd, MI., USA : _bZondervan, _c©1962 |
|
| 300 | _a350 Pag | ||
| 336 |
_2rdacontent _atexto _btxt |
||
| 337 |
_2rdamedia _asin mediación _bn |
||
| 338 |
_2rdacarrier _avolumen _bnc |
||
| 650 | 0 |
_aAntiguedades cristianas _91057 |
|
| 653 | _aArqueología bíblica N.T | ||
| 653 | _aBiblia N.T. - Historia coetanea | ||
| 653 | _aBiblia N.T. - Autoridad, testimonio, etc. | ||
| 942 | _cBK | ||